000 00877nam a2200229Ia 4500
003 GCL
008 140319s9999 xx 000 0 ara d
040 _aGCL /
_cGCL
082 0 4 _a320.956
_bم م
100 1 _aمركز دراسات الوحدة العربية
245 1 0 _aمصر والصراع العربى- الاسرائيلى من الصراع المحتوم الى التسوية المستحيلة /
_cمركز دراسات الوحدة العربية
700 1 _aحسن نافعة
260 _a[S.N] :
_bمركز دراسات الوحدة العربية ،
_c1984
300 _a256 ص
490 _a
650 0 4 _aمصر
650 0 4 _aالنزاع العربى الاسرائيلى
650 0 4 _aالقضية الفلسطينية
650 0 4 _aاتفاقيات كامب ديفيد
650 0 4 _aالوثائق الدبلوماسية
942 _2ddc
_cBK
999 _c35485
_d35485